| 000 | 00656cam a22001934a 4500 | ||
|---|---|---|---|
| 001 | 3576916 | ||
| 005 | 20250213161359.0 | ||
| 008 | 990617s1999 miu b 001 0 eng | ||
| 020 | _a0801022150 (Baker Books) | ||
| 020 | _a0851117740 (Apollos) | ||
| 050 | 0 | 0 |
_aBS1193 _b.F33 1999 |
| 082 | 0 | 0 |
_a221.6/09/045 _221 |
| 245 | 0 | 4 |
_aThe face of Old Testament studies : _ba survey of contemporary approaches / _cedited by David W. Baker and Bill T. Arnold. |
| 260 |
_aGrand Rapids, Mich. : _bBaker Books : _bApollos, _cc1999. |
||
| 300 |
_a512 p. ; _c24 cm. |
||
| 700 | 1 |
_aBaker, David W. _q(David Weston), _d1950- |
|
| 700 | 1 | _aArnold, Bill T. | |
| 942 |
_2lcc _cBK _n0 |
||
| 999 |
_c3835 _d3835 |
||